Pokémon - Les attaques de Farfurex - Statistiques

Statistiques générales
  • Ce quiz a été pris 10 fois
  • Le résultat moyen est 12 sur 15
Statistiques - réponses
Niveaux Types Noms des attaques % Correct
Niveau 60 Combat Close Combat
100%
Niveau 24 Poison Direct Toxik
100%
Départ Normal Griffe
100%
Niveau 18 Acier Griffe Acier
100%
Niveau 48 Psy Hâte
100%
Niveau 36 Ténèbres Aiguisage
86%
Évolution Poison Griffes Funestes
86%
Départ Normal Groz'Yeux
86%
Niveau 6 Ténèbres Provoc
86%
Niveau 42 Normal Tranche
86%
Niveau 30 Combat Casse-Brique
71%
Départ Combat Éclate-Roc
71%
Niveau 12 Normal Vive-Attaque
71%
Niveau 54 Normal Grincement
57%
Départ Ténèbres Dégommage
29%
Aucun quiz correspondant
Distribution des résultats
% des personnes avec chaque résultat
Percentile par nombre de réponses
Votre historique - résultats
Vous n’avez pas pris ce quiz